000 00334nam a2200133Ia 4500
005 20260328101511.0
008 260328s9999||||xx |||||||||||||| ||und||
100 _aHauser, Phillip M.
245 0 _aLa Urbanización en América Latina /
_cPhillip M. Hauser
260 _bUNESCO
300 _a340 p.
650 _aURBANISMO
942 _cBK
999 _c9211
_d9211